00300nam a2200121Ia 4500008004100000041000800041082001500049100001800064245002400082260003300106300002800139365001100167240624s9999 xx 000 0 und d aeng a650.12 HIL aHILL NAPOLEON aTHINK AND GROW RICH c2003aNew YorkbRamdom House axviii, : 233 : cm. ; 18 cRSb30